Therapy of the hand and upper extremity (Registro nro. 311933)
[ vista simple ]
| 000 -ENCABEZADO | |
|---|---|
| Número de control [NR] | 00963 a2200253 4500 |
| 005 - FECHA Y HORA DE LA ÚLTIMA TRANSACCIÓN | |
| control field | 20260303125424.0 |
| 008 - DE LONGITUD FIJA DE DATOS DE ELEMENTOS - INFORMACIÓN GENERAL | |
| Elementos de longitud fija [NR] | 190521s2015 nyu||||| |||| 00| 0 eng d |
| 020 ## - NUMERO INTERNACIONAL NORMALIZADO PARA LIBROS [R] | |
| Número Internacional Normalizado del libro [NR] | 9783319144115 |
| 040 ## - FUENTE DE CATALOGACION [NR] | |
| Agencia de catalogación original [NR] | CO-BoUCM |
| Idioma de catalogación [NR] | spa |
| Quien Cataloga | Saul Niño |
| Quien Clasifica | Sandra Palacio (modificó) |
| 041 0# - CODIGO DE IDIOMA [R] | |
| Código de idioma para texto/pista de sonido o título separado [R] | Inglés |
| 060 ## - SIGNATURA TOPOGRAFICA DE LA BIBLIOTECA NACIONAL DE MEDICINA (NLM) [R] | |
| Número clasificador [R] | WB 460 |
| 100 10 - ASIENTO PRINCIPAL--NOMBRE PERSONAL [NR] | |
| Nombre personal [NR] | Duncan, Scott F. M |
| ID Autoridad | 96346 |
| 245 10 - MENCION DE TITULO [NR] | |
| Título [NR] | Therapy of the hand and upper extremity |
| Parte restante del título [NR] | rehabilitation protocols |
| Mención de responsabilidad, etc. [NR] | Scott F. M. Duncan, Christopher W. Flowers |
| 260 ## - PUBLICACION, DISTRIBUCION, ETC. (PIE DE IMPRENTA) [R] | |
| Lugar de publicación, distribución, etc. [R] | New York |
| Nombre del editor, distribuidor, etc. [R] | Springer Science+Business Media |
| Fecha de publicación, distribución, etc. [R] | 2015 |
| 300 ## - DESCRIPCION FISICA [R] | |
| Extensión [R] | xvi, 282 páginas |
| 650 #7 - ASIENTO SECUNDARIO DE MATERIA - TERMINO TEMATICO [R] | |
| 9 (RLIN) | 15507 |
| Término temático o nombre geográfico como elemento de entrada [NR] | Extremidades superiores |
| Subdivisión general [R] | Heridas y lesiones, etc. |
| 650 #7 - ASIENTO SECUNDARIO DE MATERIA - TERMINO TEMATICO [R] | |
| 9 (RLIN) | 15507 |
| Término temático o nombre geográfico como elemento de entrada [NR] | Extremidades superiores |
| Subdivisión general [R] | Tratamiento |
| 650 #7 - ASIENTO SECUNDARIO DE MATERIA - TERMINO TEMATICO [R] | |
| 9 (RLIN) | 10898 |
| Término temático o nombre geográfico como elemento de entrada [NR] | Cirugía de la mano |
| Subdivisión general [R] | Rehabilitación |
| 650 #7 - ASIENTO SECUNDARIO DE MATERIA - TERMINO TEMATICO [R] | |
| 9 (RLIN) | 26544 |
| Término temático o nombre geográfico como elemento de entrada [NR] | Ortopedia |
| 650 #7 - ASIENTO SECUNDARIO DE MATERIA - TERMINO TEMATICO [R] | |
| 9 (RLIN) | 361 |
| Término temático o nombre geográfico como elemento de entrada [NR] | Rehabilitación |
| 650 #7 - ASIENTO SECUNDARIO DE MATERIA - TERMINO TEMATICO [R] | |
| 9 (RLIN) | 19146 |
| Término temático o nombre geográfico como elemento de entrada [NR] | Medicina deportiva |
| 700 10 - ASIENTO SECUNDARIO - NOMBRE PERSONAL [R] | |
| Nombre personal [NR] | Flowers, Christopher W. |
| 9 (RLIN) | 96347 |
| 942 ## - ELEMENTOS DE ENTRADA AGREGADOS (KOHA) | |
| Tipo de ítem principal el descrito en 300a | Libro |
| Sistema de clasificación | NLM |
| Tema principal | Medicina |
| Edición | 1 |
| Clasificación | WB 460 |
| Parte restante de la signatura top. | D911t |
| Fecha de último préstamo | Total préstamos | Total Renewals | Signatura topográfica | Código de barras | Última vez visto | Ejemplar | Costo de reposición | Price effective from | Tipo de ítem | Perdido | Sistema de clasificación | Dañado | No prestable | Tipo de ítem específico | Suprimido | Ubicación habitual | Ubicación actual | Localización | Fecha de creación | Proveedor | Forma de adquisición | Costo |
|---|---|---|---|---|---|---|---|---|---|---|---|---|---|---|---|---|---|---|---|---|---|---|
| 09/02/2022 | 4 | 1 | WE 830 D911t | 100159944 | 11/03/2026 | Ej.1 | 265000.00 | 07/05/2019 | Libro | NLM | Libro | Quinta de Mutis | Quinta de Mutis | 2do piso | 07/05/2019 | 26 | Compra | 265000.00 |